| 000 | 00667nam a22002057a 4500 | ||
|---|---|---|---|
| 005 | 2010081206296.0 | ||
| 010 | _aENG-100094 | ||
| 020 |
_a9788190782210 _c90.00 |
||
| 035 | _aEN-83262 | ||
| 037 | _bDBAD/PUB | ||
| 082 | _a150 | ||
| 100 |
_aRajalakshmi, M. R. _912052 |
||
| 245 |
_aGeneral psychology / _cby M. R. Rajalakshmi |
||
| 260 |
_aNagapattinam _bImaya Pathippagam _c2009 |
||
| 270 |
_a4-A, Sattiyappar South Street _bNagapattinam |
||
| 300 |
_avi, 166p. _c20cm (pbk) |
||
| 650 |
_aPsychology _912053 |
||
| 942 |
_2ddc _cEN _h150 _mRAJ |
||
| 999 |
_c41462 _d41462 |
||